| 000 | 00422nam a2200169Ia 4500 | ||
|---|---|---|---|
| 008 | 180424s9999 xx 000 0 und d | ||
| 084 | _a621.38 H3 | ||
| 100 | _a"Hardy, James K" | ||
| 245 | 0 | _aElectronic Communication Technology | |
| 250 | _a\\198600ENGGPSX | ||
| 260 | _aPrentice Hall | ||
| 260 | _b1986 | ||
| 260 | _cEnglewood Cliffs | ||
| 300 | _a420p | ||
| 500 | _aincludes index and biblioraphy | ||
| 942 | _cBK | ||
| 999 |
_c51371 _d51371 |
||